Proceedings of the ... , 18-19 April 2002, Kuala Lumpur

Bibliographic Details
Corporate Author: WORKSHOP on Developing a Proposed Framework for a Wetland Inventory, Assessment and Monitoring System (WIAMS) in Malaysia
Other Authors: Davies, Humphrey, Murugadas, Sundari Ramakrishna
Format: Book
Published: Petaling Jaya, Selangor : Wetlands International - Malaysia Programme , 2002
Subjects:

MARC

LEADER 00000cam a2200000 7i4500
001 0000002435
005 20030619.0
090 0 0 |a 577.68   |b WOR 2002 
110 1 0 |a WORKSHOP on Developing a Proposed Framework for a Wetland Inventory, Assessment and Monitoring System (WIAMS) in Malaysia   |k 2002   |j Kuala Lumpur 
245 1 0 |a Proceedings of the ... , 18-19 April 2002, Kuala Lumpur   |c compiled by Murugadas TL, edited by Sundari Ramakrishna, Jonathan Davies & Chris Humphrey 
260 0 0 |a Petaling Jaya, Selangor :   |b Wetlands International - Malaysia Programme ,   |c 2002 
300 |a xiv, 188 p. ;   |c 30 cm. 
500 0 0 |a Includes bibliographies 
650 0 0 |a Wetland management   |x Congresses 
700 0 1 |a Davies   |h Jonathan 
700 0 1 |a Humphrey   |h Chris 
700 0 1 |a Murugadas   |h TL 
700 0 1 |a Sundari Ramakrishna 
998 |a JPSM 
999 |a 0000003394   |b Monograph   |c Open Shelf   |e Default branch